[Event "World Team-ch 2017"]
[Site "Khanty-Mansyisk"]
[Date "2017.06.21"]
[Round "5"]
[White "Adhiban, B."]
[Black "Fawzy, Adham"]
[Result "1-0"]
[WhiteElo "2670"]
[BlackElo "2418"]
[Annotator "TA"]
[PlyCount "59"]
[EventDate "2017.??.??"]
[EventType "team-tourn"]
[EventCountry "RUS"]
[SourceTitle "playchess.com"]
[Source "ChessBase"]
[SourceQuality "1"]
[WhiteTeam "IND"]
[BlackTeam "EGY"]
[WhiteTeamCountry "IND"]
[BlackTeamCountry "EGY"]

{[%evp 18,59,61,52,72,75,72,80,74,71,80,72,70,60,165,146,208,210,237,249,244,244,235,202,251,263,375,363,309,234,554,540,547,510,558,533,545,497,1540,1560,1516,1481,1627,1571]} 1. e4 c5 2. Nf3 Nc6 3. d4 cxd4 4. Nxd4 e5 5. Nb5 d6 6. N1c3 a6 7. Na3 b5 8. Nd5 Nge7 9. Bd3 {B32: Sicilian: Löwenthal and Kalashnikov Variations} (9. c4 Nd4 10. Be3 Nxd5 11. exd5 Nf5 12. cxb5 Nxe3 13. fxe3 Qh4+ 14. g3 Qe4 15. Qc2 Qxe3+ 16. Be2 Bd7 17. bxa6 Be7 18. Qd2 Qe4 19. O-O O-O {1-0 (39) Gabrielian,A (2532)-Adhiban,B (2682) Moscow 2017}) 9... Nxd5 10. exd5 {LiveBook: 3 Games} Ne7 11. c4 {[%cal Bc2c4,Bc4b5,Bb5a6][%mdl 32] White is better.} g6 12. cxb5 Bg7 13. O-O O-O 14. Re1 Bb7 $146 ({Predecessor:} 14... axb5 15. Nxb5 Nxd5 16. Be4 Rb8 17. Qxd5 {1-0 (35) Kirkov,T (2405)-Angelov,R (2286) ICCF email 2009}) 15. bxa6 Bxd5 (15... Bxa6 $14 16. Bxa6 Rxa6) 16. Bf1 $1 $18 Be6 {[#]} (16... Rb8 $16 {is a better defense.} 17. a7 Rb7) 17. b4 $1 {[%cal Bb2b4,Bb4b5][%mdl 32]} d5 {[#]} 18. b5 $1 e4 19. Rb1 Qb6 20. Nc2 Nf5 21. a4 Rac8 (21... h5 $142 22. Bd2 Rac8) 22. Bd2 Be5 23. g3 Rxc2 $2 (23... Bc3 24. a5 Qxa5) 24. Qxc2 {White is clearly winning.} Nd4 25. Qd1 Nf3+ 26. Qxf3 $1 exf3 27. Rxe5 Rc8 {[#]} (27... Bf5 $142) 28. Rxe6 $1 {[%mdl 512]} fxe6 (28... Qxe6 29. b6) 29. a5 Qd4 30. b6 {Precision: White = 100%, Black = 24%.} 1-0

[Event "World Team-ch 2017"]
[Site "Khanty-Mansyisk"]
[Date "2017.06.21"]
[Round "5"]
[White "Negi, Parimarjan"]
[Black "Farahat, Ali"]
[Result "1/2-1/2"]
[WhiteElo "2670"]
[BlackElo "2402"]
[Annotator "TA"]
[PlyCount "57"]
[EventDate "2017.??.??"]
[EventType "team-tourn"]
[EventCountry "RUS"]
[SourceTitle "playchess.com"]
[Source "ChessBase"]
[SourceQuality "1"]
[WhiteTeam "IND"]
[BlackTeam "EGY"]
[WhiteTeamCountry "IND"]
[BlackTeamCountry "EGY"]

{[%evp 20,57,14,0,11,4,14,1,8,0,0,-15,-16,-17,-1,-49,-25,-175,-59,-50,-57,-50,-47,-86,-27,-48,-31,-19,-12,-22,-17,-29,-41,-27,0,-73,-68,-57,-69,-60]} 1. e4 c5 2. Nf3 Nc6 3. Bb5 g6 4. O-O Bg7 5. Bxc6 dxc6 6. d3 Nf6 7. Nc3 O-O 8. a4 a5 9. h3 b6 10. Be3 Ne8 {[%cal Bf6e8,Be8g7,Bg7e6,Be6g5][%mdl 32]} 11. Qd2 e5 {B31: Sicilian: 2...Nc6 3 Bb5 g6} 12. Bh6 {Black should prevent Bxg7.} f6 13. Nh2 (13. b3 Ra7 14. Nh2 g5 15. Bxg7 Nxg7 16. Ne2 h5 17. f3 Ne6 18. Rf2 Nf4 19. Nf1 Be6 20. Ne3 h4 21. Kh2 {½-½ (21) Adams,M (2706)-Pert,N (2551) Canterbury 2010}) 13... Ra7 $146 {The position is equal.} ({Predecessor:} 13... g5 14. Bxg7 Nxg7 15. Ne2 Nh5 16. Rfd1 Ra7 17. Ng4 Bxg4 18. hxg4 Nf4 19. g3 {1-0 (67) Becerra Rivero,J (2480)-Fraschini,M (2385) Havana 1994}) 14. Kh1 g5 15. Bxg7 Nxg7 16. Ne2 h5 17. h4 Ne6 18. g3 {[#]} (18. Qc3 $1 $11 {and White has nothing to worry.}) 18... f5 (18... c4 $1 $19 {[%mdl 512]} 19. Rad1 (19. dxc4 Qxd2) 19... cxd3 20. cxd3 Rd7) 19. exf5 $15 Rxf5 20. hxg5 Nxg5 {Threatens to win with ...Qd5+.} 21. Nc3 {[#]} Be6 (21... c4 $1 $17 {[%mdl 512]} 22. f4 (22. dxc4 Qxd2) 22... exf4 23. gxf4 Ne6) 22. Qe3 Qd4 23. Rae1 Raf7 24. f3 Kh7 25. Kg2 Rg7 $36 {[%mdl 2048] Black fights for an advantage.} 26. Kh1 Rgf7 27. Qe2 {[#]} (27. Kg2 $11) 27... c4 $1 $17 28. Ne4 {And now f4 would win.} cxd3 ({And not} 28... Qxb2 29. f4 $16) 29. cxd3 {Precision: White = 45%, Black = 56%.} 1/2-1/2

[Event "World Team-ch 2017"]
[Site "Khanty-Mansyisk"]
[Date "2017.06.21"]
[Round "5"]
[White "Kovalev, Vladislav"]
[Black "Onischuk, Alexander"]
[Result "1/2-1/2"]
[WhiteElo "2641"]
[BlackElo "2685"]
[Annotator "TA"]
[PlyCount "230"]
[EventDate "2017.??.??"]
[EventType "team-tourn"]
[EventCountry "RUS"]
[SourceTitle "playchess.com"]
[Source "ChessBase"]
[SourceQuality "1"]
[WhiteTeam "BLR"]
[BlackTeam "USA"]
[WhiteTeamCountry "BLR"]
[BlackTeamCountry "USA"]

{[%evp 16,230,0,-2,-4,-12,0,-5,0,0,4,-8,-15,-12,-4,-42,-10,-31,-11,-31,0,0,0,-19,-19,-29,-29,-44,-45,-59,-53,-63,-18,-81,-72,-80,-66,-62,-52,-78,-10,-11,-23,-26,-15,-48,-48,-48,-48,-41,-41,-41,-34,-34,-34,-41,-34,-49,-39,-249,-246,-184,-200,-249,-199,-187,-156,-195,-90,-90,-90,-90,-90,-90,-90,-91,-91,-92,-93,-93,-83,-155,-124,-209,-218,-218,-199,-173,0,0,0,0,0,0,0,0,0,0,0,0,0,0,0,0,0,0,0,0,0,0,0,0,0,0,0,0,0,0,0,0,14,0,78,0,0,0,14,0,0,0,0,0,0,0,0,0,0,0,0,0,0,0,0,0,215,0,0,0,0,0,0,0,0,0,0,0,0,0,420,416,505,460,1314,1314,1241,1296,1212,1187,922,878,1347,1344,1352,1337,1360,1351,1337,1295,1287,1191,1058,380,275,275,237,8,15,22,535,483,468,431,292,0,0,0,0,0,0,0,0,0,0,0,0,0,0,0,0,0,0,0,0,0,0,0,0]} 1. d4 Nf6 2. Nf3 d5 3. Bf4 c5 4. e3 Nc6 5. Nc3 Bg4 6. Be2 e6 7. O-O Bxf3 8. Bxf3 cxd4 9. exd4 Bd6 {B13: Caro-Kann: Exchange Variation and Panov-Botvinnik Attack} 10. Be3 (10. Bg5 Be7 11. Ne2 O-O 12. c3 Nd7 13. Bxe7 Qxe7 14. a4 a6 15. a5 Qd8 16. Qa4 Qc7 17. Nc1 {½-½ (35) Torre,E (2491)-So,W (2658) Manila 2011}) 10... a6 $146 ({Predecessor:} 10... O-O 11. Qe2 a6 12. Rfd1 Qc7 13. g3 Na5 14. Nb1 b5 15. c3 b4 16. cxb4 Bxb4 17. a3 {½-½ (34) Heinzel,O (2384)-Drabke,L (2386) Austria 2006}) 11. Ne2 Qc7 12. g3 O-O 13. Nc1 b5 14. Nd3 b4 15. Kg2 Rfc8 16. Qe2 Qb6 17. Rfc1 Na5 18. b3 Nc6 {[%cal Ba5c6,Bc6e7,Be7f5,Bf5e3][%mdl 32]} 19. Qd1 Ne7 20. a3 a5 $1 21. axb4 axb4 22. Rxa8 Rxa8 23. Ra1 Rc8 24. Ra2 (24. Ra4 $11 {remains equal.}) 24... Nf5 $17 25. Qa1 Nxe3+ 26. fxe3 g6 27. Nc5 Qd8 (27... Kg7 $17 28. Ra6 Qb8) 28. Nb7 $11 Qc7 29. Nxd6 Qxd6 30. Ra8 Qc6 31. Rxc8+ Qxc8 32. Qd1 h5 33. Qd2 Qc7 34. Kf1 Kg7 35. Ke1 Qa5 36. Qc1 g5 {[%cal Bg6g5,Bg5g4][%mdl 32]} 37. Kd2 $2 (37. Qd2 $15) 37... g4 $19 38. Bg2 {[#]} h4 $1 {[%mdl 512]} 39. Qf1 (39. gxh4 Qc7) 39... h3 40. Bh1 Qc7 41. Qd3 Qc6 (41... Nh5 $1 $19 42. c4 bxc3+ 43. Qxc3 Qa7) 42. Kc1 $17 Kf8 43. Kb2 Ke7 44. Qd2 Qb5 45. Qe1 Qb6 46. Qe2 Qc7 47. Qd2 Qd6 48. Qe2 ({White should try} 48. Qd3) 48... e5 $1 49. dxe5 (49. Qb5 $17) 49... Qxe5+ $19 50. Kb1 d4 $1 51. e4 Qg5 $2 (51... Nd7 $1 $19 {aiming for ...Qc5.} 52. Qxg4 d3) 52. Qc4 $11 Qd2 53. Qc5+ Kd8 {Strongly threatening ...Nd7.} 54. Qb6+ Ke7 55. Qc5+ Kd8 56. Qa5+ Kc8 (56... Kd7 $5 {[%cal Rd4d3]}) 57. Qa6+ Kc7 58. Qxf6 Qe1+ 59. Kb2 Qc3+ 60. Kb1 Qe1+ 61. Ka2 Qxh1 62. Qxf7+ {[%mdl 4096] Endgame KQ-KQ} Kb6 63. Qe6+ Kc7 64. Qc4+ Kd7 65. Qxd4+ (65. Qe2 $5 {[%cal Re2g4]} Ke7 66. Kb2 $16 (66. Qxg4 Qxh2 67. Qg5+ Kf7 $11)) 65... Ke8 66. Qe5+ Kd7 67. Qf5+ Kc7 68. Qf7+ Kc6 (68... Kc8 $11 {keeps the balance.}) 69. Qe6+ ({Better is} 69. Qc4+ $16 Kd7 70. Qd5+ (70. Qxb4 Qxh2 71. Qd4+ Kc7 $11) 70... Ke7 71. Qe5+ Kf7 72. Qf5+ Ke7 73. Qg5+ (73. Qxg4 Qxh2 74. Qg5+ Kf7 $14) 73... Kf7 74. Qf5+ (74. Qxg4 Qxh2 75. Qf5+ Kg7 $11) 74... Ke7 75. Qh7+ (75. Qxg4 Qxh2 76. Qg5+ Kf7 $14) 75... Kd6 76. Qg6+ Ke7 77. Qh7+ (77. Qxg4 Qxh2 78. Qg5+ Ke6 $14) 77... Ke6 78. Qg6+ Ke7 79. Qg5+ (79. Qxg4 Qxh2 80. Qg7+ Ke6 $14) 79... Kf7 80. Qd5+ (80. Qxg4 Qxh2 81. Qd7+ Kg8 $14) 80... Ke7 81. Qc5+ Kf7 82. Qc4+ (82. Qxb4 Qxh2 83. Qc4+ Ke7 $11) 82... Kf6 83. Qc6+ (83. Qxb4 Qxh2 84. Qf8+ Ke6 $11) 83... Ke7 84. Qc7+ Kf6 85. Qd6+ Kf7 86. Qd7+ (86. Qxb4 Qxh2 87. Qc4+ Ke7 $11) 86... Kf8 87. Qd8+ (87. Qxg4 Qxh2 88. Kb2 Qg2 $14) 87... Kf7 88. Qd7+ Kf8 89. Qd6+ (89. Qxg4 Qxh2 90. Qf5+ Ke7 $11) 89... Kf7 90. Qd7+ (90. Qxb4 Qxh2 91. Qc4+ Ke7 $11)) 69... Kc7 70. Qe7+ Kc6 71. e5 Qxh2 72. Qd6+ Kb7 73. Qxb4+ Kc7 $1 74. Qd6+ Kb7 $1 75. Qd7+ Kb6 $1 76. Qe6+ Kb7 77. Qf7+ Kb6 78. Qe6+ Kb7 79. Qd5+ (79. Qc4 $5 {[%cal Re5e6]} Qxg3 80. Qe4+ Kc8 81. e6 $18) 79... Kb6 $2 (79... Kc7 $1 $11 {and Black is okay.}) 80. Qd4+ $2 (80. Kb2 $1 $18) 80... Kc7 81. Qc5+ Kd7 $1 82. Qd6+ (82. e6+ $5 Kxe6 83. Qc6+ Ke5 84. Qb5+ Ke4 85. Qd3+ Ke5 86. Qb5+ Kd6 87. Qb4+ Ke5 88. Qf4+ Ke6 89. Qxg4+ Kf6 90. Qf3+ Ke6 91. Qe4+ Kf6 92. g4 $11) 82... Ke8 $1 83. Qe6+ (83. Qd3 $5 {[%cal Re5e6]} Qf2 84. e6 $11) 83... Kd8 84. Qf6+ Kc7 85. Qe7+ Kc6 86. Qd6+ $2 {[%mdl 8192]} (86. Qe8+ $11 Kd5 87. Qf7+ Kxe5 88. Qf4+ Kd5 89. Qf5+ Kd6 90. Qf4+ Ke7 91. Qe4+ Kf6 92. Qd4+ Ke7 93. Qe4+ Kf8 94. Qf4+ Ke8 95. Qe4+ Kd8 96. Qd5+ Kc8 97. Qc6+ Kd8 98. Qb6+ Kd7 99. Qd4+ Kc6 100. Qe4+ Kc7 101. Qh7+ Kd6 102. Qd3+ Ke7 103. Qh7+ Ke6 104. Qe4+ Kf6 105. Qf4+ Kg7 106. Qxg4+ Kf6 107. Qf4+ Kg6 108. Qg4+ Kf6 109. Qh4+ Kg6 110. Kb2) 86... Kb7 $18 87. Qd3 $1 Qg1 88. e6 h2 (88... Qa7+ $142 89. Kb2 Kc6) 89. Qe4+ Kc7 90. e7 h1=Q 91. Qxh1 Qxh1 92. e8=Q {KQ-KQ} Qf3 93. Qe5+ Kc6 94. Kb2 Kb6 95. b4 Kb7 96. c3 Qd1 97. Qe4+ Kc7 98. c4 $2 (98. Qf4+ Kb7 99. Qe4+ Kc8 100. Qe5) 98... Qd2+ 99. Kb3 Qd1+ 100. Qc2 $2 ({White should play} 100. Kc3 $18) 100... Qf3+ $1 $11 101. Qc3 {Hoping for b5.} Qd1+ $2 {[%mdl 8192]} (101... Kb6 $11) 102. Ka3 Qf3 {[#]} 103. Kb2 $1 Qe2+ {[#]} 104. Kb1 $2 ({White must play} 104. Kc1 $1 $18) 104... Qd1+ $1 {The position is equal.} 105. Ka2 {And now Qe5+ would win.} Qe2+ $1 106. Kb3 Qd1+ 107. Ka2 Qe2+ $1 108. Qb2 Qxc4+ 109. Qb3 Qe2+ 110. Ka3 Kb6 111. Qc3 Qf3 112. Kb2 Qg2+ 113. Kc1 {Threatens to win with Qd4+.} Qf1+ 114. Kd2 {Black must now prevent Qd4+.} Qf2+ 115. Kd1 Qf1+ {Precision: White = 48%, Black = 60%.} 1/2-1/2

[Event "World Team-ch 2017"]
[Site "Khanty-Mansyisk"]
[Date "2017.06.21"]
[Round "5"]
[White "Solak, Dragan"]
[Black "Ding, Liren"]
[Result "1/2-1/2"]
[WhiteElo "2641"]
[BlackElo "2783"]
[Annotator "TA"]
[PlyCount "80"]
[EventDate "2017.??.??"]
[EventType "team-tourn"]
[EventCountry "RUS"]
[SourceTitle "playchess.com"]
[Source "ChessBase"]
[SourceQuality "1"]
[WhiteTeam "TUR"]
[BlackTeam "CHN"]
[WhiteTeamCountry "TUR"]
[BlackTeamCountry "CHN"]

{[%evp 24,80,-4,-13,0,-8,0,0,0,0,0,0,0,0,0,0,0,0,0,0,0,0,0,0,0,0,0,0,0,0,0,0,0,0,0,0,0,0,0,0,0,0,0,0,0,0,0,0,0,0,0,0,-4,-4,0,-12,0,0,0]} 1. e4 e5 2. Nf3 Nc6 3. Bb5 a6 4. Bxc6 dxc6 5. O-O Bg4 6. h3 h5 7. d3 Qf6 8. Be3 Bxf3 9. Qxf3 Qxf3 10. gxf3 Bd6 11. Nd2 Ne7 12. Rfb1 Ng6 13. Kf1 {LiveBook: 6 Games. The position is equal. C68: Ruy Lopez: Exchange Variation, sidelines} c5 14. Nc4 {[#]} Be7 $146 ({Predecessor:} 14... f6 15. Ke2 Be7 16. Rg1 Kf7 17. a4 b6 18. Rg3 Nf8 19. f4 exf4 20. Bxf4 {1-0 (51) Zhang,Z (2624)-Iuldachev,S (2511) Jodhpur 2003}) 15. a3 a5 16. b4 axb4 17. axb4 Rxa1 18. Rxa1 cxb4 19. Ra8+ Bd8 $1 20. Na5 b6 21. Nc6 {[%csl Gc6][%cal Ra8d8] [#]} Kd7 22. Nxb4 Be7 23. Rxh8 Nxh8 $11 {[%mdl 4096] Endgame KBN-KBN} 24. Nd5 Ng6 25. f4 exf4 26. Nxf4 Nxf4 27. Bxf4 {KB-KB} b5 28. Ke2 c5 29. f3 Kc6 30. Be5 g6 31. Kd2 b4 32. Ke2 Bd6 33. Bg7 Kd7 34. Bh6 Be5 35. Be3 Kc6 36. Kd1 Kb5 37. Ke2 Bd4 38. Bh6 f6 39. Bf4 c4 (39... g5 $5 {[%cal Rg5f4]} 40. Bd6 Be5 $11) 40. dxc4+ Kxc4 {Precision: White = 87%, Black = 77%.} 1/2-1/2

[Event "World Team-ch 2017"]
[Site "Khanty-Mansyisk"]
[Date "2017.06.21"]
[Round "5"]
[White "Gajewski, Grzegorz"]
[Black "Kravtsiv, Martyn"]
[Result "1-0"]
[WhiteElo "2628"]
[BlackElo "2653"]
[Annotator "TA"]
[PlyCount "121"]
[EventDate "2017.??.??"]
[EventType "team-tourn"]
[EventCountry "RUS"]
[SourceTitle "playchess.com"]
[Source "ChessBase"]
[SourceQuality "1"]
[WhiteTeam "POL"]
[BlackTeam "UKR"]
[WhiteTeamCountry "POL"]
[BlackTeamCountry "UKR"]

{[%evp 13,121,20,28,27,26,24,22,27,24,26,26,25,26,24,22,25,22,24,27,0,0,0,14,24,20,12,20,10,26,10,21,0,16,5,22,22,29,29,45,-41,0,0,0,0,0,0,0,0,0,0,185,190,199,194,189,195,186,191,189,177,196,204,206,195,204,185,235,235,475,425,475,429,396,226,219,212,212,131,131,123,2103,608,5709,5709,29954,29958,29956,29958,29960,29960,29961,29961,29962,29963,29963,29962,29968,29970,29964,29957,29972,29973,29973,29974,29974,29975,29975,29975,29975,29975]} 1. c4 e6 2. Nc3 d5 3. d4 Nf6 4. cxd5 exd5 5. Bg5 c6 6. e3 Be7 7. Bd3 Nbd7 8. Bf4 {D35: Queen's Gambit Declined: Exchange Variation} (8. Qc2 Nh5 9. Bxe7 Qxe7 10. O-O-O Nb6 11. h3 g6 12. Nf3 Be6 13. Kb1 O-O-O 14. Nd2 Ng7 15. g4 Kb8 16. Nb3 h5 17. f3 Bc8 18. Qf2 hxg4 19. hxg4 Ne6 20. f4 {0-1 (75) Nakamura,H (2793)-Onischuk,A (2667) Saint Louis 2017}) 8... Nb6 9. h3 Bd6 10. Bxd6 {The position is equal.} Qxd6 11. Nf3 $146 ({Predecessor:} 11. Qc2 Be6 12. Nge2 Qe7 13. O-O-O O-O-O 14. Kb1 Kb8 15. Rc1 Rhe8 {½-½ (56) Bischoff,K (2569)-Shengelia,D (2566) Austria 2010}) 11... O-O 12. Qc2 Qe7 13. g4 g6 14. O-O-O Be6 15. Kb1 Rac8 16. Ne5 c5 17. f3 Nfd7 (17... c4 $5 {[%cal Rc4d3]} 18. Bf1 Ne8 $15) 18. f4 cxd4 19. exd4 Nxe5 $1 20. fxe5 Nc4 21. Bxc4 Rxc4 22. Qg2 Qd7 23. Qd2 Rfc8 24. Rc1 Qc6 25. Rhd1 {[%cal Bh1d1,Bd1f1,Bf1f6][%mdl 32]} a5 26. a4 (26. Ne2 $14) 26... Bd7 27. Rf1 Qb6 28. Qf4 Qe6 29. Qe3 Bxa4 30. Rf6 Qe7 31. Rcf1 {[#]} Qb4 $2 (31... Rxc3 $1 $11 {[%mdl 512] and Black stays safe.} 32. bxc3 Qa3 33. Rxf7 Qb3+ 34. Ka1 Qa3+ 35. Kb1 Qb3+ 36. Ka1 Qa3+ 37. Kb1) 32. e6 $1 $36 {[%cal Re6f7][%mdl 2048] Keeping Black busy.} Rxc3 33. exf7+ Kg7 {[#]} 34. Qxc3 $1 {[%mdl 512]} Rxc3 (34... Qxc3 35. bxc3) 35. f8=Q+ Qxf8 36. Rxf8 {[%mdl 4096] Endgame KRR-KRB} Bc2+ 37. Kc1 Rc7 38. Kd2 Be4 39. R8f2 a4 {[#]} 40. Rc1 $1 {[%cal Rc1c7]} Rxc1 $2 (40... Re7 {was worth a try.} 41. Rc8 Kh6) 41. Kxc1 {KR-KB} b5 42. Kd2 b4 43. Rf1 (43. g5 $142) 43... a3 44. bxa3 bxa3 45. g5 {[%cal Bg4g5,Bg5h6][%mdl 32] Strongly threatening Ra1.} a2 46. Kc3 Bg2 $2 {[%mdl 8192]} (46... h6 $16) 47. Ra1 Bxh3 48. Rxa2 h5 49. gxh6+ $1 {White mates.} Kh7 50. Rh2 Bg4 51. Kd3 Bh5 52. Ke3 Kxh6 {[#]} 53. Kf4 $1 {[%cal Rf4e5]} Kg7 54. Rb2 Kf6 55. Rb6+ Ke7 56. Ke5 Bf3 57. Rxg6 Kd7 58. Rg7+ Kc6 59. Rg3 Be4 60. Ke6 Kc7 61. Ke7 {Precision: White = 77%, Black = 62%.} 1-0

[Event "World Team-ch 2017"]
[Site "Khanty-Mansyisk"]
[Date "2017.06.21"]
[Round "5"]
[White "Fedorov, Alexei"]
[Black "Robson, Ray"]
[Result "1/2-1/2"]
[WhiteElo "2598"]
[BlackElo "2656"]
[Annotator "TA"]
[PlyCount "44"]
[EventDate "2017.??.??"]
[EventType "team-tourn"]
[EventCountry "RUS"]
[SourceTitle "playchess.com"]
[Source "ChessBase"]
[SourceQuality "1"]
[WhiteTeam "BLR"]
[BlackTeam "USA"]
[WhiteTeamCountry "BLR"]
[BlackTeamCountry "USA"]

{[%evp 20,44,2,0,0,0,0,-10,0,-11,-23,-51,-19,-18,0,0,0,0,0,0,0,0,0,0,0,0,0]} 1. e4 c5 2. Ne2 Nf6 3. Nbc3 d6 4. g3 g6 5. d4 cxd4 6. Nxd4 Bg7 7. Bg2 O-O 8. h3 Nc6 9. Be3 Bd7 10. O-O Ne5 11. Nde2 {LiveBook: 3 Games. B70: Sicilian Dragon: 6 g3 and 6 Be2 (without a later Be3)} (11. Qe2 Rc8 12. Rad1 Nc4 13. Bc1 Qa5 14. Kh2 Nxb2 15. Bxb2 Rxc3 16. Bxc3 Qxc3 17. f4 Nh5 18. Rf3 Qc7 {½-½ (31) Balogh,C (2668)-Gustafsson,J (2610) Istanbul 2012}) 11... Qc8 12. Kh2 b5 13. a3 $146 ({Predecessor:} 13. Nf4 Bc6 14. Bd4 b4 15. Ncd5 Bxd5 16. exd5 Qf5 17. Re1 a5 18. a3 {½-½ (70) Jalowiec,H (2046)-Koitka,J (1973) Rewal 2012}) 13... Re8 14. Qc1 a5 15. Nd5 Nxd5 (15... Nc4 {feels hotter.} 16. c3 Rb8 17. Nxf6+ exf6 18. Nd4 Nxe3 19. fxe3 h5) 16. exd5 {The position is equal.} b4 17. axb4 axb4 18. Rxa8 Qxa8 19. b3 Bb5 20. Re1 Rc8 {[#] Strongly threatening ...Nd3!} 21. Qd1 Bxe2 22. Rxe2 Qa6 1/2-1/2

[Event "World Team-ch 2017"]
[Site "Khanty-Mansyisk"]
[Date "2017.06.21"]
[Round "5"]
[White "Can, Emre"]
[Black "Wei, Yi"]
[Result "1/2-1/2"]
[WhiteElo "2589"]
[BlackElo "2728"]
[Annotator "TA"]
[PlyCount "57"]
[EventDate "2017.??.??"]
[EventType "team-tourn"]
[EventCountry "RUS"]
[SourceTitle "playchess.com"]
[Source "ChessBase"]
[SourceQuality "1"]
[WhiteTeam "TUR"]
[BlackTeam "CHN"]
[WhiteTeamCountry "TUR"]
[BlackTeamCountry "CHN"]

{[%evp 10,57,16,17,17,10,20,13,13,22,19,0,21,0,21,21,21,24,26,25,25,27,25,25,25,26,22,4,14,6,33,2,2,2,2,4,1,0,0,0,0,0,1,0,0,0,4,0,0,0]} 1. d4 Nf6 2. c4 e6 3. Nf3 d5 4. Nc3 Bb4 5. Qb3 c5 6. dxc5 Na6 {D38: Queen's Gambit Declined: Ragozin Defence (4 Nf3 Bb4)} 7. a3 Bxc3+ 8. Qxc3 {Black must now prevent b4.} Nxc5 9. cxd5 Qxd5 10. Be3 Nce4 11. Qe5 Qxe5 12. Nxe5 {With the idea f3.} Nd5 13. Bc1 Bd7 14. f3 {[#]} Nc5 $146 15. e4 Nb3 16. Rb1 Nb6 17. Be3 Rc8 18. Nxd7 (18. Bxb6 $5 axb6 19. Nc4 $14) 18... Kxd7 19. Be2 Rhd8 20. O-O Ke7 {The position is equal.} 21. Rfd1 Rxd1+ 22. Bxd1 Nc4 23. Bxb3 Nxe3 $11 {[%mdl 4096] Endgame KRB-KRN} 24. Kf2 Nc4 {[#] Strongly threatening ...Nd2.} 25. Rc1 b5 26. a4 Rb8 27. axb5 Nxb2 28. Rc7+ Kf8 29. Bc4 {Precision: White = 54%, Black = 79%.} 1/2-1/2

[Event "World Team-ch 2017"]
[Site "Khanty-Mansyisk"]
[Date "2017.06.21"]
[Round "5"]
[White "Urkedal, Frode"]
[Black "Nepomniachtchi, Ian"]
[Result "1/2-1/2"]
[WhiteElo "2541"]
[BlackElo "2732"]
[Annotator "TA"]
[PlyCount "78"]
[EventDate "2017.??.??"]
[EventType "team-tourn"]
[EventCountry "RUS"]
[SourceTitle "playchess.com"]
[Source "ChessBase"]
[SourceQuality "1"]
[WhiteTeam "NOR"]
[BlackTeam "RUS"]
[WhiteTeamCountry "NOR"]
[BlackTeamCountry "RUS"]

{[%evp 19,78,34,51,8,52,45,82,6,57,41,76,58,127,123,115,98,105,60,62,70,67,70,66,53,114,149,136,47,97,90,90,89,102,88,100,70,64,51,51,46,24,19,14,14,33,3,4,0,0,0,0,0,0,0,0,0,0,0,0,0,0]} 1. d4 Nf6 2. c4 g6 3. Nc3 d5 4. Bg5 Ne4 5. Bh4 Nxc3 6. bxc3 dxc4 7. e3 Be6 8. Be2 {D80: Grünfeld: Unusual White 4th moves and 4 Bg5} Bd5 (8... Nd7 9. Nf3 Bg7 10. O-O Nb6 11. Qc2 O-O 12. Rfb1 Bd7 13. a4 a5 14. Bg3 Bc6 15. e4 Qd7 16. Rxb6 cxb6 {½-½ (101) Tomashevsky,E (2696)-Vachier Lagrave,M (2795) Moscow 2017}) 9. Nf3 Bg7 10. O-O O-O {LiveBook: 3 Games} 11. Qc2 {[%mdl 1024] White has compensation.} c5 $146 ({Predecessor:} 11... f5 12. Nd2 b5 13. a4 a6 14. f3 c6 15. e4 fxe4 16. fxe4 Rxf1+ 17. Rxf1 {1-0 (32) Nezad,H (2393)-Abdyjapar,A (2365) Istanbul 2012}) 12. e4 Be6 {[%cal Rc5d4]} 13. h3 ({Better is} 13. d5 $16 Bg4 14. Bxc4) 13... b5 (13... cxd4 $11 14. Nxd4 Bxd4 15. cxd4 Qxd4) 14. Rfd1 $14 cxd4 15. Nxd4 Qc8 (15... Qb6 $14) 16. Bxe7 $16 Re8 17. Bd6 Bd7 18. f4 Qa6 19. e5 Nc6 20. a4 bxa4 21. Nxc6 Bxc6 (21... Qxc6 $14 22. Rd4 Rac8) 22. Rd4 Bb5 {[%cal Bc6b5,Bb5d7,Bd7f5][%mdl 32] [#]} 23. Rb1 ({White should play} 23. Bxc4 $1 $16 Bxc4 24. Rxa4) 23... Rac8 {[#]} 24. Qb2 $1 {[%cal Rb2b5]} Bd7 25. Qb4 Bf5 26. Ra1 Bc2 27. Bxc4 ({Reject} 27. Rxc4 Qb6+ 28. Qxb6 axb6 $11) 27... Qb6 28. Qxb6 axb6 29. Rc1 Bb3 $1 30. Bxb3 axb3 31. Rb4 f6 (31... g5 {seems wilder.} 32. g3 gxf4 33. gxf4 f6 34. Rxb3 fxe5 35. Bxe5 Bxe5 36. fxe5 Rxe5 37. Rxb6 Rec5) 32. Rxb6 fxe5 {The position is equal.} 33. Bxe5 Bxe5 34. fxe5 Rb8 35. Rxb8 Rxb8 $14 {KR-KR} 36. Kf2 Kf7 ({Much weaker is} 36... b2 37. Rb1 $16) 37. Ke3 Ke6 38. Ke4 Rb5 39. Rb1 Rxe5+ {Precision: White = 58%, Black = 41%.} 1/2-1/2